000 00231nam a2200097Ia 4500
001 1194298
005 20250827021726.0
008 250824s9999 xx 000 0 und d
245 0 _aSUÇLU
_cORHAN KEMAL
260 _bEVEREST YAYINLARI
999 _c1194298
_d1194298